Relaxačné a štruktúrne zmeny v orientovanej polypropylénovej fólii : Obh. 10.6.1996 /

Guardado en:
Detalles Bibliográficos
Autor principal: Zacharová, Soňa (Autor)
Formato: Manuscrito Libro
Lenguaje:eslovaco
Publicado: Bratislava : STU v Bratislave ChtF, 1996
Etiquetas: Agregar Etiqueta
Sin Etiquetas, Sea el primero en etiquetar este registro!

MARC

LEADER 00000ntm a22000003a 4500
001 stu23974
005 20150617225747.8
008 960624s1996----xo------------------slo-d
040 |a STU  |b slo 
041 0 |a slo 
044 |a xo 
100 1 |a Zacharová, Soňa  |4 aut 
245 1 |a Relaxačné a štruktúrne zmeny v orientovanej polypropylénovej fólii :  |b Obh. 10.6.1996 /  |c [aut.]Zacharová,Soňa 
260 |a Bratislava :  |b STU v Bratislave ChtF,  |c 1996 
300 |a 71 s :  |b Tab.,grafy,lit 
500 |a Zameranie: Chemická technológia vlákien a textilu 
996 |b CD12169  |c C*D12169  |l CCI  |s A  |a 24  |w stu23974_0001